Top 30 Ballon d'Or : 2021 - Statistiques

Statistiques générales
  • Ce quiz a été pris 61 fois
  • Le résultat moyen est 19 sur 30
Statistiques - réponses
Classement Pays Club Joueur % Correct
#1 ARG PSG Lionel Messi
100%
#9 FRA PSG Kylian Mbappé
98%
#7 EGY LIVERPOOL Mohamed Salah
96%
#2 POL BAYERN MUNICH Robert Lewandowski
95%
#6 POR MAN UNITED Cristiano Ronaldo
91%
#4 FRA REAL MADRID Karim Benzema
89%
#11 NOR DORTMUND Erling Haaland
87%
#8 BEL MAN CITY Kevin De Bruyne
87%
#5 FRA CHELSEA N'Golo Kanté
82%
#23 ANG TOTTENHAM Harry Kane
76%
#16 BRE PSG Neymar Jr
75%
#10 ITA PSG Gianluigi Donnarumma
73%
#3 ITA CHELSEA Jorginho
71%
#17 URU ATLETICO Luis Suarez
69%
#29 CRO REAL MADRID Luka Modric
69%
#20 ALG MAN CITY Riyad Mahrez
69%
#12 BEL CHELSEA Romelu Lukaku
62%
#15 ANG MAN CITY Raheem Sterling
53%
#22 ARG INTER MILAN Lautaro Martinez
51%
#21 POR MAN UNITED Bruno Fernandes
49%
#14 ITA JUVENTUS Leonardo Bonucci
49%
#25 ANG MAN CITY Phil Foden
49%
#13 ITA JUVENTUS Giorgio Chiellini
44%
#27 POR MAN CITY Ruben Dias
44%
#24 ESP BARCELONE Pedri
42%
#26 ITA INTER MILAN Nicolo Barella
40%
#18 DAN AC MILAN Simon Kjaer
36%
#19 ANG CHELSEA Mason Mount
25%
#30 ESP CHELSEA César Azpilicueta
20%
#28 ESP VILLARREAL Gerard Moreno
20%
Aucun quiz correspondant
Distribution des résultats
% des personnes avec chaque résultat
Percentile par nombre de réponses
Votre historique - résultats
Vous n’avez pas pris ce quiz